Archaeologica orientalia in memoriam Ernst Herzfeld /

محفوظ في:

المؤلف الرئيسي: Miles, George Carpenter, 1904-1975 (مؤلف)

مؤلفون آخرون: Herzfeld, Ernst, 1879-1948.

التنسيق: كتاب

اللغة: English

منشور في: Locust Valley, N.Y. : J. J. Augustin, 1952.

الموضوعات:

الوسوم: إضافة وسم

لا توجد وسوم, كن أول من يضع وسما على هذه التسجيلة!

رقم الطلب: DS56 .M5 1952

LEADER 00800nam a22002411 4500
001 4602
003 OSt
005 20260311100116.0
008 130303s1952 nyuabcf b 000 0 eng d
010 |a 53005435 
035 |a ocm03216472 
040 |c ARCE Library 
050 4 |a DS56 .M5 1952 
100 1 |a Miles, George Carpenter,  |d 1904-1975,  |e author 
245 1 0 |a Archaeologica orientalia in memoriam Ernst Herzfeld /  |c George Carpenter Miles. 
264 1 |a Locust Valley, N.Y. :  |b J. J. Augustin,  |c 1952. 
300 |a 280 pages :  |b illustrations, 36 plates, Portraits, maps ;  |c 29 cm. 
500 |a "Additions to the bibliography of Ernst Herzfeld": pages 279-280. 
650 0 |a Oriental antiquities. 
700 1 |a Herzfeld, Ernst,  |d 1879-1948.  |9 31989 
901 |a reviewed 
942 |c BK  |2 lcc 
999 |c 3363  |d 3363